| 000 | 01142nam1a22002291i 4500 | ||
|---|---|---|---|
| 001 | rc\4122179 | ||
| 005 | 20240724152310.0 | ||
| 035 | _a(NLR Aleph) 007981618 | ||
| 090 |
_a8523473 _c8523473 |
||
| 100 | _a20130415d1947 |||y0rusy50 ca | ||
| 101 | 0 | _arus | |
| 102 | _aRU | ||
| 105 | _a z ||||| | ||
| 200 | 1 |
_aНароднохозяйственные проблемы Молотовской области _eТруды Конференции по изучению производит. сил Молотовской области _e26 ноября - 1 дек. 1945 г. _e[В 2 т.] _fРед. коллегия: акад. И.П. Бардин (гл. ред.) [и др.] _gАкад. наук СССР. Совет по изучению произв. сил. Испол. ком. Молотовского обл. Совета деп. труд. Т. 1-2 |
|
| 210 |
_aМосква _aЛенинград _cИзд-во Акад. наук СССР _d1947 |
||
| 215 |
_a2 т. _d27 |
||
| 333 | _aДСП. Экз. № 1123 | ||
| 702 | 1 |
_aБардин _bИ.П. _4340 |
|
| 801 | 0 |
_aRU _bNLR _gpsbo |
|
| 801 | 1 |
_aRU _bELAR _2rusmarc |
|
| 852 |
_aNLR _j65-7/2040 |
||
| 942 | _cBOOK | ||